000 00423nam a2200169Ia 4500
008 090123s9999 xx 000 0 und d
082 _b6200
_a891.463/फडके
100 _aफडके ना. सी.
245 _aआशा
250 _a4
300 _a252
600 _aफडके ना. सी.
630 _aआशा
700 _aफडके ना. सी.
730 _aआशा
942 _cBOOK
999 _c44264
_d44264